[Event "Bruges Masters op"]
[Site "Bruges"]
[Date "2023.08.15"]
[Round "5"]
[White "Follesa, Enrico"]
[Black "Vandendriessche, Jan"]
[Result "1/2-1/2"]
[WhiteElo "2209"]
[BlackElo "2084"]
[PlyCount "64"]
[EventDate "2023.08.12"]
[EventType "swiss"]
[EventRounds "9"]
[EventCountry "BEL"]
[SourceTitle "CBM 215 Extra"]
[Source "ChessBase"]
[SourceDate "2023.09.30"]
[SourceVersion "1"]
[SourceVersionDate "2023.09.30"]
[SourceQuality "1"]

1. e4 g6 2. d4 Bg7 3. c4 d6 4. Nc3 Nf6 5. f3 0-0 6. Be3 a6 7. Qd2 c6 8. a4 a5 9. Bd3 e5 10. d5 Na6 11. Nge2 cxd5 12. cxd5 Nd7 13. Bxa6 bxa6 14. Nb1 f5 15. Nec3 Rb8 16. Na3 Nf6 17. Bg5 Rb4 18. Rb1 Qb6 19. Bxf6 Bxf6 20. Qe2 Bd7 21. Nc4 Qc5 22. b3 Rfb8 23. Qf2 Qxc4 24. bxc4 Rxb1+ 25. Nd1 Bxa4 26. 0-0 Rxd1 27. Rxd1 Bxd1 28. Qa7 Rb2 29. Qxa6 a4 30. Qxd6 Kg7 31. Qd7+ Kh6 32. exf5 Rb1 1/2-1/2

[Event "Bruges Masters op"]
[Site "Bruges"]
[Date "2023.08.13"]
[Round "3"]
[White "Follesa, Enrico"]
[Black "Victor, Julian"]
[Result "1/2-1/2"]
[WhiteElo "2209"]
[BlackElo "2107"]
[PlyCount "49"]
[EventDate "2023.08.12"]
[EventType "swiss"]
[EventRounds "9"]
[EventCountry "BEL"]
[SourceTitle "CBM 215 Extra"]
[Source "ChessBase"]
[SourceDate "2023.09.30"]
[SourceVersion "1"]
[SourceVersionDate "2023.09.30"]
[SourceQuality "1"]

1. e4 c6 2. d4 d5 3. Nc3 dxe4 4. Nxe4 Bf5 5. Ng3 Bg6 6. h4 h6 7. Nf3 Nd7 8. h5 Bh7 9. Bd3 Bxd3 10. Qxd3 e6 11. Bd2 Ngf6 12. Ne4 Be7 13. 0-0-0 0-0 14. Nxf6+ Nxf6 15. Ne5 c5 16. dxc5 Bxc5 17. Qf3 Qd5 18. Qxd5 Nxd5 19. Nd7 Rfc8 20. Nxc5 Rxc5 21. f3 Rac8 22. c3 b5 23. Kb1 a5 24. g4 R5c6 25. Rhe1 1/2-1/2

[Event "NED-chT 2223"]
[Site "Netherlands"]
[Date "2023.04.01"]
[Round "8.8"]
[White "Follesa, Enrico"]
[Black "O'Donnell, Conor"]
[Result "1/2-1/2"]
[WhiteElo "2161"]
[BlackElo "2295"]
[PlyCount "87"]
[EventDate "2022.09.17"]
[EventType "team-tourn"]
[EventRounds "9"]
[EventCountry "NED"]
[SourceTitle "EXT 2024"]
[Source "ChessBase"]
[SourceDate "2023.10.10"]
[SourceVersion "1"]
[SourceVersionDate "2023.10.10"]
[SourceQuality "1"]
[WhiteTeam "Sas van Gent"]
[BlackTeam "Amstelveen Zukertort"]
[WhiteTeamCountry "NED"]
[BlackTeamCountry "NED"]

1. e4 c6 2. d4 d5 3. Nc3 dxe4 4. Nxe4 Bf5 5. Ng3 Bg6 6. h4 h6 7. Nf3 Nd7 8. h5 Bh7 9. Bd3 Bxd3 10. Qxd3 e6 11. Bd2 Be7 12. 0-0-0 Ngf6 13. Ne4 Nxe4 14. Qxe4 Nf6 15. Qe2 Qd5 16. c4 Qe4 17. Be3 Ng4 18. Nd2 Qf5 19. Rh3 0-0 20. Rg3 Nxe3 21. Rxe3 Rad8 22. Ne4 Rd7 23. g4 Qf4 24. Kb1 Rfd8 25. Red3 Kh8 26. f3 b5 27. cxb5 cxb5 28. Qd2 Qxd2 29. R3xd2 a6 30. Kc2 Rc7+ 31. Kb1 f5 32. gxf5 exf5 33. Ng3 Rd5 34. Ne2 Bg5 35. f4 Bf6 36. Nc3 Rd6 37. Ne2 Rd5 38. Nc3 Rd6 39. Ne2 Kg8 40. d5 Rc4 41. Rf1 Rc5 42. Rfd1 Rc4 43. Rf1 Rc5 44. Rfd1 1/2-1/2

[Event "NED-chT 2223"]
[Site "Netherlands"]
[Date "2022.10.08"]
[Round "2.9"]
[White "Wantola, Ivo"]
[Black "Follesa, Enrico"]
[Result "0-1"]
[WhiteElo "2326"]
[BlackElo "2161"]
[PlyCount "116"]
[EventDate "2022.09.17"]
[EventType "team-tourn"]
[EventRounds "9"]
[EventCountry "NED"]
[SourceTitle "CBM 213 Extra"]
[Source "ChessBase"]
[SourceDate "2023.05.31"]
[SourceVersion "1"]
[SourceVersionDate "2023.05.31"]
[SourceQuality "1"]
[WhiteTeam "Zuid Limburg"]
[BlackTeam "Sas van Gent"]
[WhiteTeamCountry "NED"]
[BlackTeamCountry "NED"]

1. Nf3 d5 2. d4 Nf6 3. c4 e6 4. Nc3 c6 5. Bg5 Be7 6. e3 Nbd7 7. Rc1 h6 8. Bh4 0-0 9. Bd3 dxc4 10. Bxc4 b5 11. Be2 a6 12. 0-0 Bb7 13. Ne5 c5 14. Bxf6 Nxf6 15. dxc5 Bxc5 16. Nxb5 Bxe3 17. fxe3 axb5 18. Bxb5 Qb8 19. Nd7 Nxd7 20. Qxd7 Bc8 21. Qd3 Rxa2 22. Rf2 Qb6 23. Qb3 Ra7 24. Bc4 Qd6 25. Qd3 Qe7 26. Qe4 Bb7 27. Qe5 Ba8 28. Rcf1 Qe8 29. Rf4 Qb8 30. Qc3 Rc8 31. Rg4 e5 32. b3 Re7 33. e4 Qb6+ 34. Kh1 Rc6 35. Qg3 g6 36. Qh4 g5 37. Qh5 Rg6 38. h4 Bb7 39. Kh2 Bc8 40. Rg3 g4 41. Bd5 Kg7 42. Rf5 Qd6 43. Bc4 Kg8 44. Rd3 g3+ 45. Kh1 Qc6 46. Rxe5 Ra7 47. Rd1 Bg4 48. Re8+ Kh7 49. Qe5 f6 50. Qb8 Qxe8 51. Qxa7+ Rg7 52. Qd4 Bxd1 53. Qxd1 Qe5 54. Qf3 Ra7 55. Bf1 Ra1 56. b4 Qb5 57. Kg1 Qb6+ 58. Kh1 Qf2 0-1

[Event "Bruges op-A"]
[Site "Bruges"]
[Date "2022.08.14"]
[Round "3"]
[White "Pel, Bonno"]
[Black "Follesa, Enrico"]
[Result "0-1"]
[WhiteElo "2276"]
[BlackElo "2055"]
[PlyCount "73"]
[EventDate "2022.08.13"]
[EventType "swiss"]
[EventRounds "9"]
[EventCountry "BEL"]
[SourceTitle "CBM 209 Extra"]
[Source "ChessBase"]
[SourceDate "2022.09.30"]
[SourceVersion "1"]
[SourceVersionDate "2022.09.30"]
[SourceQuality "1"]

1. Nc3 d5 2. e4 dxe4 3. Nxe4 e6 4. g3 Bd7 5. Nf3 Bc6 6. Qe2 Nf6 7. d3 Be7 8. Bg2 0-0 9. 0-0 Nbd7 10. b3 Nxe4 11. dxe4 e5 12. Bb2 Bd6 13. a4 Qe7 14. Nd2 Bc5 15. Nc4 a5 16. Ne3 Rfe8 17. Kh1 g6 18. Rad1 Bxe3 19. Qxe3 b5 20. axb5 Bxb5 21. Rfe1 a4 22. f4 axb3 23. cxb3 Ra2 24. Rd2 Nc5 25. Rc1 Nd3 26. Rxd3 Bxd3 27. Bxe5 Rc2 28. Rxc2 Bxc2 29. Qc3 Bd1 30. Bf6 Qd6 31. e5 Qe6 32. b4 Bg4 33. b5 Rb8 34. Bc6 Bh3 35. Kg1 Rxb5 36. Qd3 Rb8 37. Kf2 0-1

[Event "Budapest FS04 Nadassy"]
[Site "Budapest"]
[Date "2021.04.12"]
[Round "9.4"]
[White "Kahn, Evarth"]
[Black "Follesa, Enrico"]
[Result "0-1"]
[WhiteElo "2169"]
[BlackElo "2029"]
[PlyCount "82"]
[EventDate "2021.04.03"]
[EventType "schev"]
[EventRounds "12"]
[EventCountry "HUN"]
[SourceTitle "CBM 201 Extra"]
[Source "ChessBase"]
[SourceDate "2021.05.31"]
[SourceVersion "1"]
[SourceVersionDate "2021.05.31"]
[SourceQuality "1"]
[WhiteTeam "Team"]
[BlackTeam "Team II"]
[WhiteTeamCountry "HUN"]
[BlackTeamCountry "HUN"]

1. d4 Nf6 2. c4 e6 3. Nc3 Bb4 4. Qc2 b6 5. e4 c5 6. d5 exd5 7. exd5 Qe7+ 8. Nge2 d6 9. Bd2 0-0 10. 0-0-0 Ng4 11. Re1 Nxf2 12. Rg1 Bxc3 13. Nxc3 Qf6 14. g4 Nxg4 15. Ne4 Qd8 16. Ng5 g6 17. Ne6 Bxe6 18. dxe6 Ne5 19. Rxe5 dxe5 20. Bg2 Na6 21. exf7+ Rxf7 22. Bd5 Kg7 23. Qe4 Nc7 24. Qxe5+ Qf6 25. Qxf6+ Rxf6 26. Bxa8 Nxa8 27. Bc3 Kf7 28. Bxf6 Kxf6 29. Rf1+ Ke7 30. Kd2 Nc7 31. Ke3 Ne6 32. Ke4 Kd6 33. h4 Ke7 34. Kd5 Nd4 35. h5 g5 36. h6 g4 37. Ke5 g3 38. Kf4 g2 39. Re1+ Kf6 40. Kg3 g1Q+ 41. Rxg1 Ne2+ 0-1

[Event "Budapest FS04 Nadassy"]
[Site "Budapest"]
[Date "2021.04.04"]
[Round "2.3"]
[White "Follesa, Enrico"]
[Black "Szalanczy, Emil"]
[Result "0-1"]
[WhiteElo "2029"]
[BlackElo "2103"]
[PlyCount "124"]
[EventDate "2021.04.03"]
[EventType "schev"]
[EventRounds "12"]
[EventCountry "HUN"]
[SourceTitle "CBM 201 Extra"]
[Source "ChessBase"]
[SourceDate "2021.05.31"]
[SourceVersion "1"]
[SourceVersionDate "2021.05.31"]
[SourceQuality "1"]
[WhiteTeam "Team II"]
[BlackTeam "Team"]
[WhiteTeamCountry "HUN"]
[BlackTeamCountry "HUN"]

1. e4 c5 2. Nf3 d6 3. d4 cxd4 4. Nxd4 Nf6 5. Nc3 g6 6. Be3 Bg7 7. f3 Nc6 8. Qd2 0-0 9. Bc4 Qa5 10. 0-0-0 Bd7 11. Kb1 Rfc8 12. Bb3 Ne5 13. h4 Rc5 14. Nde2 Rac8 15. Bxc5 Qxc5 16. Nd4 a5 17. a4 Qb4 18. Ncb5 Qxd2 19. Rxd2 Rc5 20. Rhd1 Bh6 21. Re2 Nh5 22. Nc3 Kf8 23. Ree1 Bg7 24. Nde2 Bc6 25. Bd5 Nf6 26. Bxc6 bxc6 27. Nd4 Nc4 28. g4 Nd7 29. Nb3 Na3+ 30. Ka2 Nxc2 31. Nxc5 Nxc5 32. Re2 Nb4+ 33. Kb1 Be5 34. Rh1 h6 35. h5 g5 36. Rd1 Ke8 37. Red2 Kd7 38. Na2 Nxa4 39. Nxb4 axb4 40. Ka2 Nc5 41. Ra1 Ke6 42. Rdd1 Bf6 43. Kb1 Ke5 44. Rf1 Kf4 45. Ka2 Nd3 46. Rab1 c5 47. Kb3 Bd4 48. Rbd1 Ne5 49. Rxd4 cxd4 50. Kxb4 Ke3 51. f4 gxf4 52. g5 hxg5 53. h6 f3 54. h7 Ng6 55. Kc4 g4 56. b4 g3 57. b5 g2 58. Re1+ Kf2 59. b6 Kxe1 60. b7 f2 61. b8Q f1Q+ 62. Kd5 e6+ 0-1

[Event "Brasschaat op 18th"]
[Site "Brasschaat"]
[Date "2018.08.23"]
[Round "6"]
[White "Sikkel, Dirk"]
[Black "Follesa, Enrico"]
[Result "1/2-1/2"]
[WhiteElo "1973"]
[BlackElo "1856"]
[PlyCount "131"]
[EventDate "2018.08.18"]
[EventType "swiss"]
[EventRounds "9"]
[EventCountry "BEL"]
[SourceTitle "CBM 186 Extra"]
[Source "ChessBase"]
[SourceDate "2018.08.24"]
[SourceVersion "1"]
[SourceVersionDate "2018.08.24"]
[SourceQuality "1"]

1. e4 c5 2. Nf3 d6 3. Bb5+ Bd7 4. Bxd7+ Qxd7 5. c4 g6 6. d4 cxd4 7. Nxd4 Bg7 8. Nc3 Nf6 9. h3 0-0 10. Be3 Nc6 11. 0-0 e6 12. Qd2 a6 13. Rfd1 Rfd8 14. f3 Rab8 15. Rac1 Nxd4 16. Bxd4 b5 17. cxb5 axb5 18. Ne2 Rdc8 19. a3 h5 20. Bc3 Rb6 21. Bb4 Ne8 22. Nc3 Rbc6 23. Qe3 Qb7 24. Rd3 Bf8 25. Rcd1 Rd8 26. f4 Nc7 27. f5 exf5 28. exf5 Re8 29. Qg3 Qb6+ 30. Kh1 Kh7 31. fxg6+ fxg6 32. Bxd6 Ne6 33. Be5 Bg7 34. Nd5 Qc5 35. Bxg7 Kxg7 36. Qe5+ Kh6 37. Qg3 Rf8 38. Nc3 Qf5 39. Rd5 Qc2 40. Qe3+ Nf4 41. R5d2 Qf5 42. Rf2 Re6 43. Qg3 g5 44. Rdf1 Qe5 45. h4 Rg6 46. Qh2 Qe3 47. hxg5+ Kxg5 48. Rf3 Qe5 49. Ne2 Qxe2 50. g3 Qxh2+ 51. Kxh2 Rgf6 52. gxf4+ Rxf4 53. Rg1+ Kh6 54. Rxf4 Rxf4 55. b3 Rf2+ 56. Rg2 Rf3 57. Rg3 Rf2+ 58. Kh3 Rf4 59. Rc3 Rf5 60. Kh4 Kg7 61. Rc7+ Kf6 62. Rh7 Ke5 63. Rxh5 Rxh5+ 64. Kxh5 Kd4 65. a4 bxa4 66. bxa4 1/2-1/2

[Event "EU Union-ch U12 16th"]
[Site "Mureck"]
[Date "2018.08.08"]
[Round "8"]
[White "Follesa, Enrico"]
[Black "Ramadanov, Esat"]
[Result "1-0"]
[WhiteElo "1856"]
[BlackElo "1789"]
[PlyCount "49"]
[EventDate "2018.08.01"]
[EventType "swiss"]
[EventRounds "9"]
[EventCountry "AUT"]
[SourceTitle "CBM 186 Extra"]
[Source "ChessBase"]
[SourceDate "2018.08.24"]
[SourceVersion "1"]
[SourceVersionDate "2018.08.24"]
[SourceQuality "1"]

1. e4 c5 2. Nf3 d6 3. d4 Nf6 4. Nc3 cxd4 5. Nxd4 g6 6. Be3 Bg7 7. f3 0-0 8. Qd2 Nc6 9. Bc4 Bd7 10. 0-0-0 Rc8 11. Bb3 Ne5 12. Kb1 Re8 13. h4 h5 14. g4 hxg4 15. h5 Nxh5 16. Bh6 e6 17. Rdg1 g3 18. Rxg3 Nxg3 19. Bxg7 Nh5 20. Qh6 f6 21. Rxh5 gxh5 22. Qh8+ Kf7 23. Qh7 Rf8 24. Nf5 Bc6 25. Bxf6+ 1-0

[Event "EU Union-ch U12 16th"]
[Site "Mureck"]
[Date "2018.08.07"]
[Round "7"]
[White "Follesa, Enrico"]
[Black "Rejniak, Zuzanna"]
[Result "1-0"]
[WhiteElo "1856"]
[BlackElo "1699"]
[PlyCount "89"]
[EventDate "2018.08.01"]
[EventType "swiss"]
[EventRounds "9"]
[EventCountry "AUT"]
[SourceTitle "CBM 186 Extra"]
[Source "ChessBase"]
[SourceDate "2018.08.24"]
[SourceVersion "1"]
[SourceVersionDate "2018.08.24"]
[SourceQuality "1"]

1. e4 c5 2. Nf3 e6 3. d4 cxd4 4. Nxd4 Nf6 5. Nc3 Nc6 6. Nxc6 bxc6 7. Bd3 d5 8. exd5 cxd5 9. 0-0 Be7 10. Bf4 0-0 11. Nb5 Bb7 12. Re1 a6 13. Nd4 Bd6 14. Qf3 Re8 15. Be5 Bxe5 16. Rxe5 Nd7 17. Re3 h6 18. Qg4 Qf6 19. Rae1 Nc5 20. Rf3 h5 21. Qxh5 g6 22. Rxf6 gxh5 23. Rh6 Nxd3 24. cxd3 Kg7 25. Rxh5 Kf6 26. Rh3 Rg8 27. Rf3+ Kg7 28. Rfe3 Kf8 29. Rc1 Rg4 30. Rc7 Rc8 31. Rxc8+ Bxc8 32. Nb3 Rb4 33. g3 a5 34. Re2 Ba6 35. Rd2 a4 36. Nc5 Bb5 37. d4 Rc4 38. f4 f6 39. Nxe6+ Ke7 40. Nc5 Rc1+ 41. Kg2 Bf1+ 42. Kf2 Bh3 43. Nxa4 Rf1+ 44. Ke3 Re1+ 45. Re2 1-0

[Event "EU Union-ch U12 16th"]
[Site "Mureck"]
[Date "2018.08.06"]
[Round "6"]
[White "Bodnar, Roland Gabor"]
[Black "Follesa, Enrico"]
[Result "0-1"]
[WhiteElo "1693"]
[BlackElo "1856"]
[PlyCount "61"]
[EventDate "2018.08.01"]
[EventType "swiss"]
[EventRounds "9"]
[EventCountry "AUT"]
[SourceTitle "CBM 186 Extra"]
[Source "ChessBase"]
[SourceDate "2018.08.24"]
[SourceVersion "1"]
[SourceVersionDate "2018.08.24"]
[SourceQuality "1"]

1. e4 c5 2. Nf3 d6 3. d4 cxd4 4. Qxd4 Nc6 5. Bb5 Qc7 6. Nc3 e6 7. Bg5 f6 8. Be3 Bd7 9. Bxc6 bxc6 10. 0-0-0 d5 11. exd5 cxd5 12. Bf4 Bd6 13. Bxd6 Qxd6 14. Qg4 Kf7 15. Rhe1 Ne7 16. Qd4 a5 17. Re2 Ng6 18. g3 Rab8 19. Ne4 Qc6 20. Nc5 Rb4 21. Qe3 Rc8 22. Nxd7 Qxd7 23. Nd4 e5 24. Nf3 d4 25. Qd2 Qb7 26. Ng1 Rxb2 27. Qxa5 Rb1+ 28. Kd2 Rxd1+ 29. Kxd1 Qb1+ 30. Kd2 Qxc2+ 31. Ke1 0-1

[Event "EU Union-ch U12 16th"]
[Site "Mureck"]
[Date "2018.08.01"]
[Round "1"]
[White "Chung, Ethan Cheung Jing"]
[Black "Follesa, Enrico"]
[Result "1/2-1/2"]
[WhiteElo "1480"]
[BlackElo "1856"]
[PlyCount "154"]
[EventDate "2018.08.01"]
[EventType "swiss"]
[EventRounds "9"]
[EventCountry "AUT"]
[SourceTitle "CBM 186 Extra"]
[Source "ChessBase"]
[SourceDate "2018.08.24"]
[SourceVersion "1"]
[SourceVersionDate "2018.08.24"]
[SourceQuality "1"]

1. e4 c5 2. d4 cxd4 3. c3 d3 4. Bxd3 Nc6 5. Nf3 d6 6. 0-0 e6 7. Bb5 Qc7 8. b3 Be7 9. Re1 Bf6 10. Ba3 Be7 11. e5 d5 12. Nd4 Bxa3 13. Nxa3 Nge7 14. Nac2 a6 15. Nxc6 Nxc6 16. Bxc6+ bxc6 17. Re3 0-0 18. Qh5 f6 19. Rh3 g6 20. Qh6 fxe5 21. Re1 e4 22. Nb4 Ra7 23. Ree3 c5 24. Nxa6 Bxa6 25. Reg3 Qf7 26. f3 Bb5 27. a4 Bc6 28. Rg4 d4 29. Rhg3 exf3 30. Rxg6+ Kh8 31. gxf3 dxc3 32. Qh5 Qf5 33. Qxf5 exf5 34. Rxc6 Rb7 35. Rxc5 Rxb3 36. f4 Rb1+ 37. Kg2 Rb2+ 38. Kh3 c2 39. Rgc3 Ra2 40. a5 Ra8 41. Rxc2 R2xa5 42. Rxa5 Rxa5 43. Kh4 Kg7 44. Rc7+ Kg6 45. Rc6+ Kg7 46. Kg5 Ra2 47. h4 Rh2 48. Rc7+ Kg8 49. Rc5 h6+ 50. Kh5 Kg7 51. Rxf5 Rg2 52. Rc5 Kf6 53. Rc4 Rh2 54. Kg4 Rg2+ 55. Kf3 Ra2 56. Re4 Ra3+ 57. Kg4 Ra1 58. Rb4 Rg1+ 59. Kf3 Rf1+ 60. Kg2 Re1 61. Rb5 Re3 62. Kf2 Rd3 63. Re5 Rh3 64. h5 Rc3 65. Kg2 Rb3 66. Rd5 Rc3 67. Kf2 Rh3 68. Re5 Rd3 69. Re3 Rd2+ 70. Kg3 Rd1 71. Kg4 Rg1+ 72. Rg3 Rh1 73. Rc3 Rg1+ 74. Rg3 Rh1 75. f5 Rd1 76. Rf3 Rg1+ 77. Kf4 Rg5 1/2-1/2